Statistics for Every NFL Team's Last 1,000 Yard Rusher

Click here to take the quiz!

General Stats

  • This quiz has been taken 45 times
  • The average score is 19 of 32

Answer Stats

TeamYearYardsPlayer% Correct
MIN20221,173Dalvin Cook
95%
BUF20231,122James Cook
95%
CIN20231,034Joe Mixon
92%
CLE20221,525Nick Chubb
89%
MIA20231,012Raheem Mostert
89%
NYG20221,312Saquon Barkley
87%
BAL20201,005Lamar Jackson
82%
PIT20231,035Najee Harris
82%
TEN20231,167Derrick Henry
79%
IND20211,811Jonathan Taylor
79%
LV20221,653Josh Jacobs
79%
GB20221,121Aaron Jones
71%
CAR20191,387Christian McCaffrey
71%
SF20231,459Christian McCaffrey
71%
PHI20231,049D'Andre Swift
71%
NE20221,040Rhamondre Stevenson
71%
DET20231,015David Montgomery
68%
ARI20231,040James Conner
50%
CHI20221,143Justin Fields
47%
KC20171,327Kareem Hunt
47%
NO20171,124Mark Ingram
45%
DAL20231,005Tony Pollard
45%
LAC20171,105Melvin Gordon
42%
LAR20231,144Kyren Williams
39%
JAX20231,008Travis Etienne
39%
SEA20221,050Kenneth Walker III
34%
TB20151,402Doug Martin
32%
WAS20211,037Antonio Gibson
26%
HOU20191,070Carlos Hyde
24%
NYJ20151,070Chris Ivory
24%
DEN20191,011Phillip Lindsay
18%
ATL20221,035Tyler Allgeier
18%

Score Distribution

Percentile by Number Answered

Percent of People with Each Score

Your Score History

You have not taken this quiz